000 00523nam a2200205Ia 4500
008 170203s9999 xx 000 0 und d
020 _a9718560211
050 _aFic
050 _bW853
245 4 _aThe wolf in sheep's clothing /
260 _aPhilippines :
260 _bStraight Lines Intl Inc.
260 _c2002
300 _a24 unnumbered pages :
300 _bcolor illustrations ;
300 _c20 cm.
440 _aDolphin Books Classic Tales Collection
650 _aFables.
650 _aFolklore.
999 _c306470
_d306470